|
|
|
|
| LEADER |
01383nam a2200361Ia 4500 |
| 001 |
EBC217744 |
| 003 |
MiAaPQ |
| 005 |
20200520144314.0 |
| 006 |
m o d | |
| 007 |
cr cn||||||||| |
| 008 |
020626s2002 nyua sb 000 0 eng d |
| 010 |
|
|
|z 2002073771
|
| 020 |
|
|
|z 052178025X
|
| 035 |
|
|
|a (MiAaPQ)EBC217744
|
| 035 |
|
|
|a (Au-PeEL)EBL217744
|
| 035 |
|
|
|a (CaPaEBR)ebr10070197
|
| 035 |
|
|
|a (CaONFJC)MIL16023
|
| 035 |
|
|
|a (OCoLC)71378365
|
| 040 |
|
|
|a MiAaPQ
|c MiAaPQ
|d MiAaPQ
|
| 050 |
|
4 |
|a HG1811
|b .S36 2002
|
| 100 |
1 |
|
|a Siklos, Pierre L.,
|d 1955-
|
| 245 |
1 |
4 |
|a The changing face of central banking
|h [electronic resource] :
|b evolutionary trends since World War II /
|c Pierre L. Siklos.
|
| 260 |
|
|
|a New York :
|b Cambridge University Press,
|c c2002.
|
| 300 |
|
|
|a xix, 347 p. :
|b ill.
|
| 490 |
1 |
|
|a Studies in macroeconomic history
|
| 504 |
|
|
|a Includes bibliographical references (p. 309-339) 22.
|
| 533 |
|
|
|a Electronic reproduction. Ann Arbor, MI : ProQuest, 2015. Available via World Wide Web. Access may be limited to ProQuest affiliated libraries.
|
| 650 |
|
0 |
|a Banks and banking, Central
|x History.
|
| 650 |
|
0 |
|a Monetary policy
|x History.
|
| 655 |
|
4 |
|a Electronic books.
|
| 710 |
2 |
|
|a ProQuest (Firm)
|
| 830 |
|
0 |
|a Studies in macroeconomic history.
|
| 856 |
4 |
0 |
|u https://ebookcentral.proquest.com/lib/matrademy/detail.action?docID=217744
|z Click to View
|